[Event "RUS-Cup03 Geller Memorial"]
[Site "Moscow"]
[Date "1999.02.13"]
[Round "4"]
[White "Solovjov, Sergey"]
[Black "Beshukov, Sergei"]
[Result "1-0"]
[WhiteElo "2447"]
[BlackElo "2511"]
[Annotator "Golod,V"]
[PlyCount "85"]
[EventDate "1999.02.10"]
[EventType "swiss"]
[EventRounds "9"]
[EventCountry "RUS"]
[SourceTitle "CBM 070"]
[Source "ChessBase"]
[SourceDate "1999.06.08"]
[SourceVersion "1"]
[SourceVersionDate "1999.06.08"]
[SourceQuality "1"]

1. e4 c5 2. Nf3 Nc6 3. Nc3 e6 4. d4 cxd4 5. Nxd4 Nf6 6. Ndb5 d6 $5 ({Another
line is:} 6... Bb4 $5 {-see comments to Bosch,J-Janssen,R/Wijk aan Zee,1999/
CBM 69(1/2:1/2)(Golod,V)(37)}) 7. Bf4 e5 8. Nd5 $5 {[%csl Ra8,Re8][%cal Gb5c7]
[%mdl 4]} (8. Bg5 {-is the main line,also 8.Be3-was checked in the previous
games.}) 8... Nxd5 $8 9. exd5 exf4 $5 {Besides,black has two options:} (9...
Ne7 $5 10. Bxe5 $1 dxe5 11. d6 Qa5+ (11... Nc6 $6 12. Nc7+ Kd7 13. Nxa8 Bxd6
14. Qf3 $6 (14. Qg4+ $5) 14... Qf6 $1 $13 {0-1 Puhakka,E-Simula,P/Espoo 1994/
EXT 99 (55)}) 12. c3 Nc6 $1 (12... Nf5 $2 13. Nc7+ (13. Qd5 $2 Kd8 14. d7 Bxd7
15. O-O-O Nd6 16. Nxd6 Qxd5 17. Rxd5 Bxd6 18. Rxd6 Ke7 19. Rd5 $11 {0-1 Moylan,
L-Son,O/Oropesa del Mar ESP 1998 (45)}) 13... Kd8 14. Nxa8 Nxd6 15. b4 Qa3 16.
Qb3 Qxb3 17. axb3 Be6 18. Rxa7 $18 {1/2-1/2 Solomunovic,I-Karpov,A/Tuzla 1991/
EXT 97 (41)}) 13. Nc7+ Kd7 14. Nxa8 (14. Qb3 $2 Nd4 $1 $8 15. Qxf7+ Kxd6 16.
Ne8+ Kc6 17. Bd3 Be6 18. Be4+ Bd5 19. O-O (19. Bxd5+ Qxd5 20. Qc7+ Kb5 21. c4+
Qxc4 22. Qxb7+ Ka5 $19) 19... Bxe4 $1 20. cxd4 Qd5 21. Qc7+ Kb5 {0-1 Sermek,
D-Todorovic,G/Caorle 1990/Inf 50 (21)}) 14... Bxd6 15. Qg4+ Ke7 16. Qxg7 Rf8
17. Bc4 $13) (9... Nb8 $5 10. Bxe5 $5 (10. Be3 $143 a6 11. Na3 (11. Nc3 Be7 12.
Be2 O-O 13. O-O f5 14. a4 Bg5 $11 {0-1 Bagirov,R-Kharlov,A/Biel 1997/CBM 60
ext (29)}) 11... Nd7 12. Qd2 Be7 13. Be2 O-O 14. O-O-O b5 15. c4 Bb7 $15 {
1/2-1/2 Lukianenko,E-Laptev,R/Briansk 1995/EXT 98 (47)}) 10... dxe5 11. d6 Na6
$5 (11... Bxd6 $143 12. Qxd6 (12. Nxd6+ Ke7 13. Nxc8+ Qxc8 14. Qd5 Rd8 15.
Qxe5+ Kf8 16. Qc3 Qxc3+ 17. bxc3 Nd7 {1/2-1/2 Reinaldo Castineira,R-Ruiz,J/
Santiago 1995/EXT 98 (45) +/=/=}) 12... Qxd6 13. Nxd6+ Ke7 14. O-O-O (14. Nxc8+
$5 Rxc8 15. Bd3 {/\ c3, 0-0, Rfe1+/= ><e5}) 14... Rd8 15. Nxc8+ Rxc8 16. g3 Nc6
17. c3 $14 {0-1 Kroeger,F-Thiel,T/Muenster 1993/EXT 99 (54)}) (11... Be6 $5 12.
Nc7+ Kd7 13. Nxa8 Bxd6 $13 {0-1 Nguyen Thi Tuong Van-Delgado Crespo,M/Elista
1998/CBM 66 ext (49)}) (11... Nc6 {- 9... Ne7}) 12. Qd5 (12. Bc4 $5) 12... Qb6
$5 {Sveshnikov,E} (12... Be6 $2 13. Qxb7 (13. Qxe5 $2 Qa5+ 14. c3 O-O-O $17)
13... Qc8 14. Qxa6 $1 Qxa6 15. Nc7+ Kd7 16. Nxa6 Bxd6 17. Bb5+ Ke7 18. O-O $16
{Kuznecov,I-Golakov/Russia 1992/Inf 56 (18)}) (12... Be7 $2 13. Qxe5 Be6 14.
dxe7 Qxe7 15. Bd3 O-O 16. O-O $16 {1/2-1/2 Fierro Baquero,M-Delgado Crespo,M/
Cienfuegos 1997/EXT 98 (46)}) (12... f6 $5 13. Bc4 Qd7 14. O-O-O {/\ Nc3, Bb5,
Rhe1~~}) (12... Qf6 $5) 13. Qxe5+ Be6 14. d7+ (14. O-O-O $2 O-O-O $17) 14...
Kxd7 15. O-O-O+ Kc8 $1 (15... Ke8 $2 16. Bc4 Rc8 17. Rd6 $1 Bxd6 18. Nxd6+ Ke7
19. Nf5+ $16) 16. Rd6 (16. Bc4 $143 Bc5 17. Rd6 (17. Nd6+ $2 Bxd6 18. Rxd6 Qc7
19. Bxe6+ fxe6 20. Qxe6+ Kb8 $15 {Germanchuk-Kozirev,A/Cheliabinsk 1993/Inf 60
(27)}) 17... Bxc4 $1 (17... Qa5 $2 18. Rxa6 bxa6 19. Bxe6+ Kb7 (19... fxe6 20.
Qxc5+ Kb8 21. Qe5+ Kb7 22. Nd6+ Kb6 23. Nc4+ $18) 20. Qxc5 axb5 21. Bd5+ Kb8
22. Qc6 $18) (17... Bxd6 $2 18. Nxd6+ Kb8 19. Bxa6 bxa6 20. Nxf7+ Kc8 21. Nd6+
Kb8 (21... Kd7 $2 22. Rd1 $18) 22. Qxe6 Rd8 23. Rd1 $18) 18. Rxb6 axb6 19. Nd6+
(19. Qxg7 $5) 19... Bxd6 20. Qxd6 Rd8 21. Qxb6 Nc7 22. b3 Be6 23. a4 Ra6 24.
Qe3 $13) 16... Qc5 $5 (16... Bxd6 $5 17. Nxd6+ Kb8 (17... Kd8 $6 18. Bb5 $40 {
/\ Rd1}) 18. Nxf7+ Qc7 19. Qxe6 Rc8 20. c3 $13) 17. Rxe6 fxe6 18. Qxe6+ Kb8 (
18... Kd8 $2 19. Be2 {/\ Rd1+-}) 19. Qe8+ Qc8 20. Qe5+ Nc7 21. Nxc7 Qxc7 22.
Qe8+ Qc8 23. Qe5+ Qc7 {1/2-1/2 Kuznecov,I-Kozirev,A/Cheliabinsk 1994/Inf60/180
(Kuznecov)(23)} (23... Bd6 $5 {Kuznecov,I} 24. Qxd6+ Qc7 25. Qxc7+ Kxc7 26. Bd3
h6 27. Kd2 $10)) 10. dxc6 bxc6 ({Possibly:} 10... a6 11. Nd4 Be7 12. Qf3 Qb6
13. O-O-O O-O 14. cxb7 Bxb7 15. Qb3 Qxb3 16. axb3 Bh4 17. f3 Bf6 {1/2-1/2
Todor,R-Klundt,K/Aschach 1996/EXT 98 (23) +/=/=}) 11. Qf3 {[%csl Rc6]} d5 $5 ({
Good enough:} 11... Qb6 $5 12. Qxf4 (12. Bd3 $2 d5 $1 (12... Rb8 $2 13. Qe4+
Be6 14. Nd4 Qa5+ 15. c3 Qe5 16. Qxe5 dxe5 17. Nxe6 fxe6 18. b3 Kf7 19. Ke2 Ba3
{1/2-1/2 Cardoso Garcia,S-Haag,M/Malaga 1998/CBM 63 ext (19)}) 13. a4 Be6 14.
O-O cxb5 15. Bxb5+ Ke7 $19 {0-1 Osuna Vega,E-Haag,M/Malaga 1998/CBM 63 ext (30)
}) 12... Rb8 13. Nxd6+ Bxd6 14. Qxd6 Qxb2 15. Rd1 Qc3+ (15... Qb4+ $5 16. Qxb4
Rxb4 17. Bd3 $11 {1/2-1/2 Turner,J-Ankerst,M/Bled 1998/EXT 99 (59)}) 16. Qd2
Qe5+ 17. Be2 Be6 18. O-O O-O 19. Bf3 (19. Rfe1 {1/2-1/2 Jukic,B-Berebora,F/
Osijek 1993/CBM 38 ext (19)}) 19... Rb6 20. a4 Qc5 21. Be4 Rb4 22. Bxc6 Rc4 23.
Bb5 Rxc2 24. Qd4 {1/2-1/2 De Haas,P-Horvath,T/Haarlem 1998/EXT 99 (24)}) ({
Badly:} 11... Bd7 $2 {because of:} 12. Qe4+ Qe7 ({Loses right away:} 12... Be7
$2 {in view of:} 13. Nxd6+ Kf8 14. O-O-O Bxd6 (14... Bg4 15. f3 $1 (15. Qxf4 $4
Bg5 $19) 15... Bxd6 (15... Bxf3 16. gxf3 Bxd6 17. Qxc6 Ke7 18. Bh3 $18) 16.
Qxc6 (16. fxg4 $2 Qc7 $14) 16... Ke7 17. fxg4 $18 {1-0 Kuznecov,I-Lukshenkov/
Russia,1992/Inf 56/199(Kuznecov,I)(22)}) 15. Rxd6 Qe7 16. Qxf4 $18 {1-0
Jovanovic,Z-Keglevic,P/Zagreb 1998/CBM 62 ext (25)}) 13. Nxd6+ (13. Nc7+ $2 Kd8
14. Qxe7+ Bxe7 15. Nxa8 Kc8 16. O-O-O Kb7 17. Bc4 d5 18. Rhe1 Be6 $1 19. Bd3
Bc5 $44) 13... Kd8 14. Qxe7+ Kxe7 15. O-O-O Be6 16. Bc4 Rd8 17. Bxe6 Rxd6 $1 (
17... fxe6 18. Ne4 $16) 18. Rxd6 Kxd6 19. Bxf7 $16 {1-0 Sermek,D-Vukic,M/
Zagreb,1990/Inf 50/202(Sermek,D)(65)}) 12. O-O-O Be7 $6 ({Good enough:} 12...
Be6 $5 13. Nd4 Bd6 14. Nxc6 Qb6 15. Rxd5 Bxd5 16. Qxd5 Qc5 17. Qe4+ Kf8 $13 {
1/2-1/2 Hjorth,T-Thomsen,A/Aalborg 1995/EXT 97 (48)}) ({Strongly:} 12... a6 $1
13. Nd4 Bd7 14. Qxf4 Be7 15. h4 O-O $15 {0-1 Ivanisevic,I-Stankovic,D/Tivat
1995/CBM 48 ext (51)}) (12... Bd7 $5 13. Qxf4 (13. Qc3 $2 cxb5 14. Rxd5 a6 $17
{0-1 Gamsa,M-Bennett,J/Geneva SUI 1999 (28)}) (13. Nd4 $5) 13... cxb5 14. Rxd5
a6 15. Bc4 $5 bxc4 16. Rhd1 Be7 17. Rxd7 Qxd7 18. Rxd7 Kxd7 19. Qxf7 g6 20.
Qxc4 $15 {Kuznetsov,I-Guz/Cheliabinsk,1993/Inf 60/(188)(20)}) (12... cxb5 $2
13. Rxd5 Bd7 14. Bxb5 $16) 13. Qc3 cxb5 $2 ({Better is:} 13... O-O 14. Qxc6 Be6
15. Nc7 (15. Nd4 $6 Rc8 (15... Bg4 $5 16. Be2 Rc8 17. Qa6 Bxe2 18. Qxe2 Bf6 $13
{1-0 Scholz,C-Roemhild,M/Germany 1997/EXT 99 (60)}) 16. Qa4 Bc5 17. Be2 Bd7 18.
Qb3 Qc7 $13 {1/2-1/2 Somlai,L-Rovid,K/HUN-chT 1994/TD (41)}) 15... Rc8 16. Nxe6
Rxc6 17. Nxd8 Rxd8 18. Bd3 (18. Be2 $142 {/\ Bf3+/= ><d5}) 18... f3 $1 19. gxf3
Bh4 $13 {Kuznecov,I-Chelushkina,I/USSR,1991/Inf56/(199)(19)}) 14. Qxg7 Bf6 $2 (
14... Rf8 $142 15. Bxb5+ Bd7 16. Rxd5 Bxb5 17. Rxd8+ Rxd8 18. Re1 {+/=/+/-})
15. Bxb5+ Ke7 $8 (15... Bd7 $4 16. Rhe1+ $18) 16. Rhe1+ Be6 ({After:} 16... Kd6
17. Qxf7 {white has a strong attack.}) 17. Rxe6+ $1 $40 Kxe6 18. Re1+ Kd6 $8 (
18... Kf5 $4 19. Bd3#) 19. Qxf7 Kc5 $2 ({Can be recommended:} 19... Rf8 $5 20.
Re6+ Kc5 21. Rc6+ Kxb5 (21... Kd4 $2 22. c3+ Ke4 23. Qe6+ Be5 24. f3+ $18) 22.
Qb7+ Qb6 23. a4+ Kxa4 (23... Ka5 $5) 24. Rxb6 axb6 25. Qxb6 $16) (19... Be5 $2
{is refuted by:} 20. c4 $1 {[%csl Rd6,Re5][%cal Gf7d5] (Zaitsev,I)} Bxb2+ (
20... dxc4 21. Rd1+ $18) 21. Kxb2 Kc5 22. Re5 $18) 20. Re6 $1 $18 Kxb5 $146 ({
Loses right away:} 20... Be7 $2 21. Rxe7 Rf8 (21... Kxb5 22. Rd7 Qg8 23. Rxd5+
$18 {[%csl Rb5]}) 22. Qe6 {[%csl Rc5][%cal Ge6c6]} Qb6 23. Qe5 $1 {[%cal Ge7c7]
} Rac8 (23... Kxb5 $144 24. Qxd5+ Ka6 25. Qc4+ Qb5 26. Re6+ Ka5 27. b4+ Qxb4 (
27... Ka4 28. Qb3#) 28. Ra6#) (23... Qxb5 $144 24. Qc7+ Qc6 (24... Kb4 25. Qc3+
Ka4 26. Qa3#) (24... Kd4 25. Qc3#) 25. b4+ Kb5 26. a4+ $18) 24. a4 Qf6 25. Rc7+
$1 $18 Rxc7 (25... Kb6 26. Qxf6+ $18 {[%csl Rc8]}) 26. Qxc7+ Kb4 (26... Kd4 27.
Qc3+ Ke4 28. Bd3#) 27. c3+ {1-0 Zaitsev,I-Kharlov,A/Minsk,1997/Inf 69/167
(Zaitsev,I)(27)} (27. c3+ Kb3 28. Qc5 $18 {[%csl Ya3,Rb3,Yb4][%cal Gc5a3,Gc5b4]
})) (20... Rf8 $143 21. Qb7 $1 (21. Rc6+ $2 {Zaitsev,I} Kxb5 22. Qb7+ Qb6 23.
a4+ Ka5 (23... Kxa4 $143 24. Rxb6 axb6 25. Qxb6 Bxb2+ 26. Qxb2 $14 {|^}) 24.
Rxb6 axb6 25. Qxd5+ Ka6 26. Qd3+ $14 {|^}) 21... Rc8 22. b4+ $1 Kxb4 (22... Kd4
23. Qxa7+ Kc3 24. Qa3+ Kd4 25. Qd3#) 23. Be2+ Qb6 (23... Kc5 24. Qb5+ Kd4 25.
Qb4+ Rc4 26. c3#) (23... Kc3 24. Qb2#) 24. Rxb6+ axb6 25. Qxb6+ Ka4 26. Qb3+
Ka5 27. Qb5#) 21. Qb7+ Qb6 $8 (21... Kc5 $4 22. Qc6+ Kb4 (22... Kd4 23. Qc3#)
23. a3+ Ka5 24. b4#) 22. Qxd5+ (22. Rxb6+ $144 axb6 23. Qxd5+ Ka6 24. Qc4+ {
[%csl Rf6]} Ka7 (24... b5 25. Qe6+ $18) (24... Ka5 $4 25. a4 $18 {[%csl Ra5]
[%cal Gc4b5]}) 25. Qf7+ $18) 22... Ka6 23. Qc4+ Kb7 (23... Ka5 24. b4+ $1 Ka4 (
24... Qxb4 $4 25. Ra6#) 25. Qb3+ Kb5 26. c4+ Ka6 27. Qa3+ Kb7 28. Qf3+ $1 {
[%csl Rf6]} Kc7 (28... Ka6 $4 29. b5+ Ka5 30. Qa3#) (28... Kb8 29. Rxb6+ axb6
30. Qxf4+ Kb7 31. Qxf6 $18) 29. Qxf4+ Kb7 30. Qf3+ Kc7 31. Qxf6 $5 $18) 24.
Rxb6+ axb6 25. Qf7+ Ka6 26. Qxf6 $18 {_|_The rest is the matter of technics.}
Rhf8 27. Qc6 Rac8 (27... Rad8 28. Qa4+ (28. c3 $5 {/\Kc2}) 28... Kb7 29. Qe4+ {
[%csl Rh7]}) 28. Qa4+ {[%csl Rh7]} Kb7 29. Qe4+ Kb8 30. Qxh7 f3 $1 {This
move-only chance for black.} 31. gxf3 (31. g4 $6 Rfe8 {[%csl Rf2,Gf3]}) 31...
Rxf3 32. Qg6 Ka7 33. Qg7+ Ka6 34. b4 $1 {עa6} Rfc3 (34... Rxf2 {is refuted by:
} 35. b5+ $1 Kxb5 (35... Ka5 36. Qa7+ Kxb5 37. Qd7+ {-see 35...Kb5}) 36. Qd7+
Rc6 37. c4+ Kc5 38. Qd5+ Kb4 39. Qxc6 $18) 35. Qg6 Kb5 36. a3 Ka4 (36... Rxa3
$4 37. Qf5+ {[%csl Rc8]}) (36... Ra8 37. Qf5+ Ka4 38. Kb2 Rxa3 39. Qd5 $18) 37.
Kb2 R8c6 (37... Rxa3 38. Qxb6 Ra8 39. Qb7 $18 {[%csl Ra3,Ra8]}) 38. Qe4 R6c4
39. Qa8+ Kb5 40. Qd5+ Ka4 (40... Ka6 41. Qf5 $18) 41. Qd2 {[%csl Rc3]} Rxa3 $8
(41... Rf3 42. Qd7+ b5 43. Qa7#) 42. Qd7+ Kxb4 (42... b5 43. Qa7+ Kxb4 44.
Qxa3#) 43. Qd6+ {Please pay your attention to the fantastic work of the white
queen.} (43. Qd6+ {[%csl Ra3]} Rc5 44. Qxb6+ Rb5 45. Qxb5+ (45. Qd4+) 45...
Kxb5 46. Kxa3 $18 {[%csl Gc2,Gf2,Gh2]}) 1-0

[Event "Asia-ch 4th"]
[Site "Doha"]
[Date "2003.03.01"]
[Round "8"]
[White "Sadvakasov, Darmen"]
[Black "Al Modiahki, Mohamad"]
[Result "1-0"]
[WhiteElo "2523"]
[BlackElo "2571"]
[Annotator "Golod,V"]
[PlyCount "97"]
[EventDate "2003.02.22"]
[EventType "swiss"]
[EventRounds "9"]
[EventCountry "QAT"]
[SourceTitle "CBM 094"]
[Source "ChessBase"]
[SourceDate "2003.05.26"]
[SourceVersion "1"]
[SourceVersionDate "2003.05.26"]
[SourceQuality "1"]

1. e4 c5 2. Nf3 e6 3. d4 cxd4 4. Nxd4 Nf6 5. Nc3 Nc6 6. Ndb5 Bb4 7. a3 Bxc3+ 8.
Nxc3 d5 9. exd5 {It's main line.} (9. Bd3 $5 {See comments to Svidler,P-Al
Modiahki,M/Bermuda,2003/CBM 94(1-0)(Golod,V)(48)}) 9... exd5 10. Bd3 O-O 11.
O-O d4 $1 {It's best move.} 12. Ne2 $5 {Nowadays-12.Ne4 is not actually.See
comments to Leko,P-Timman,J/Wijk aan Zee,2001/CBM 81(1/2-1/2)(Golod,V)(52)} Bg4
{Comments to this part of the game (from 12...Bg4 to 16...Qd7) you can find in
annotations to game: Kasparov,G-Grischuk,A/Cannes,2001/CBM 82(1/2-1/2)(Golod,V)
(58)} 13. Bg5 Qd6 14. Re1 Rfe8 15. Qd2 Bxe2 16. Bf4 Qd7 17. Bxe2 $5 {From my
point of view this move brings white at least a slight advantage.} (17. Rxe2
$143 {It was checked on the very top level.See comments to Kasparov,G-Grischuk,
A/Cannes,2001/CBM 82(1/2-1/2)(Golod,V)(58)}) 17... Ne4 $146 {Black pieces can
occupy the centre, but I do not consider that they have equality. BB is
stronger than NN.} ({Were checked in the preceding game:} 17... Re7 18. Bf3
Rae8 19. Rxe7 Rxe7 20. Re1 Rxe1+ (20... Re6 $5) 21. Qxe1 h6 22. Qe2 $14 {
Kupreichik,V-Palatnik,S/Rostov,1980(1-0)(41)}) 18. Qd3 Qf5 {The a little bit
strange decision.} (18... Nc5 19. Qb5 Ne6 20. Bg3 $14) (18... Rac8 19. Rad1 {
and so on.}) 19. g3 $14 {[%cal Yg3f4,Ge2f3] The useful preventive move.} ({
Hardly is better:} 19. Bf3 Qxf4 20. Bxe4 h6 21. Rad1 Rad8 {[%csl Yd8][%cal
Yd8d4]}) 19... Qd7 {There is no sense to force exchanges:} (19... Qf6 20. Bf3
Nc5 21. Qb5 g5 (21... Ne6 $2 22. Qxb7 {[%csl Rc6]}) 22. Bxc6 $1 (22. Qxc5 $143
gxf4 $14) 22... bxc6 23. Qxc5 gxf4 24. Rad1 {[%csl Rd4]} f3 25. Rxe8+ Rxe8 26.
h4 $16) 20. Bf3 ({Also deserves attention:} 20. Rad1 $5) 20... Nc5 21. Qc4 Ne6
22. Bd2 Rac8 23. Qd5 Qc7 {This move, undoubtely, is better than:} (23... Qxd5
24. Bxd5 Rcd8 (24... Ne7 $2 25. Bxe6 fxe6 26. Rxe6 Kf7 27. Rae1 Rxc2 28. Bb4
Rc7 29. R6e4 $16 {[%csl Rd4,Re7]}) 25. Bg2 {with obvious advantage of white in
endgame.}) 24. Rac1 {[%cal Gc2c3]} Rcd8 25. Qe4 Re7 26. Qh4 Rde8 27. Bg2 h6 $6
{The not compelled easing of the king side!} ({Can be recommended:} 27... Qb6
$5) 28. Qh5 Ng5 {In my opinion, it's the next positional mistake.} 29. Rxe7
Qxe7 30. h4 ({Pretty dubiously:} 30. Re1 Qxe1+ $1 31. Bxe1 Rxe1+ 32. Bf1 Ne5
$44 {[%csl Ge1,Ge5,Gg5,Rh5]}) 30... Ne6 31. Re1 Qd7 (31... Qf6 $143 32. Qb5)
32. Qg4 $1 {[%csl Rg8][%cal Gd2h6]} Nf8 $6 (32... Kf8 $142 33. Qf5 {[%csl Rf8]
[%cal Gf5h7]} Kg8 34. Be4 Nf8 35. Qxd7 Nxd7 36. c3 $1 {+/=/+/-}) 33. Qxd7 Rxe1+
34. Bxe1 Nxd7 35. b4 $1 $16 {[%csl Rd4] This move emphasizes of black's
weakness on the queen side.} Kf8 $2 ({More stubborn resistance after:} 35...
Nde5 36. b5 Nd8 37. Bb4 b6 38. Bd5 {[%cal Yg1f1,Yf1e2,Ye2d2]}) 36. f4 $1 {
[%csl Rd4,Yf4][%cal Yf4e5,Ge1f2]} a6 37. Bf2 {The white bishops supervise all
board, and black have remained now without counterplay.White's plan is very
simple: Kf1-e2-d3.} Ke7 ({I am not sure, that it was better:} 37... Nb6 38.
Bxc6 bxc6 39. Bxd4 Nc4 40. a4) 38. Kf1 Kd6 39. Ke2 $1 ({Not of sense to hurry
up with material gains:} 39. Bxc6 Kxc6 40. Bxd4 g6 41. c4 $140 b5 $1) 39... b5
40. Kd3 a5 (40... Nf6 41. Bf3 {[%csl Rd4][%cal Gf2d4]} (41. Bxc6 $143 Kxc6 42.
Bxd4 Nh5)) 41. Bxc6 {The accuracy is necessary up to the end.} Kxc6 42. bxa5
$18 Nc5+ 43. Kxd4 h5 (43... f6 44. g4 $22) 44. Ke5 f6+ (44... Nd7+ 45. Kf5 Kb7
46. Bd4 g6+ 47. Kg5 $18 {[%cal Gf4f5]}) 45. Kf5 {[%csl Rg7,Rh5][%cal Gf5g6]
The rest is a matter of technics.} Nb7 46. a6 Nd6+ 47. Kg6 Nc4 48. a7 Kb7 49.
Bc5 1-0

[Event "BIH-chT"]
[Site "Neum"]
[Date "2002.06.02"]
[Round "1.3"]
[White "Movsesian, Sergei"]
[Black "Gavric, Miladin"]
[Result "1-0"]
[WhiteElo "2624"]
[BlackElo "2380"]
[Annotator "Golod,V"]
[PlyCount "63"]
[EventDate "2002.06.02"]
[EventType "team"]
[EventRounds "9"]
[EventCountry "BIH"]
[SourceTitle "CBM 090"]
[Source "ChessBase"]
[SourceDate "2002.09.20"]
[SourceVersion "1"]
[SourceVersionDate "2002.09.20"]
[SourceQuality "1"]
[WhiteTeam "Sarajevo Bosna"]
[BlackTeam "Banja Luka"]
[WhiteTeamCountry "BIH"]
[BlackTeamCountry "BIH"]

1. e4 c5 2. Nf3 Nc6 3. Nc3 e6 4. d4 cxd4 5. Nxd4 Nf6 6. Nxc6 bxc6 7. e5 Nd5 8.
Ne4 Bb7 9. c4 $5 {In my opinion, this very interesting reaction to previous
move of black.} Nb4 10. c5 {[%mdl 16]} (10. Bd2 $143 {You can see comments to
Khachian,M-Halkias,S/Yerevan,2000/CBM78(1-0)(Golod,V)(39)}) 10... Qh4 $6 {
After this dubious move,black gets in bad position.Instead of it,can be
recommended:} (10... Qb8) ({or} 10... Ba6) 11. Qf3 Nc2+ $146 {[%mdl 8] It also
nor decides of all problems.} ({Were checked in the preceding game:} 11... h6
$2 12. g3 Qd8 (12... Nc2+ $143 13. Kd2 Nd4 (13... Qxe4 14. Qxe4 Nxa1 15. b4 $18
{[%csl Ra1][%cal Gc1b2]}) 14. Qd3 $18 {[%csl Rd4,Rh4]}) 13. Qb3 {[%csl Rb4,Rb7]
+/-/+- See comments to Macieja,B-Czebe,A/Ohrid,2001/CBM 84(1-0)(Golod,V)(35)})
({Also loses right away:} 11... Bxc5 $2 12. Bg5 Nc2+ 13. Kd2 $18) ({and} 11...
Qd8 $2 12. Qb3 $18 {[%csl Rb4,Rb7]}) 12. Kd1 Nd4 $8 (12... Nxa1 $4 13. Bg5 $18
{[%csl Ra1,Rh4]}) 13. Qf4 ({Very weakly:} 13. Qd3 {in view of:} Qh5+ {[%csl
Rd1,Re5]}) 13... Qxf4 (13... Qd8 14. Nd6+ Bxd6 15. exd6 Nf5 16. Bd3 $16) 14.
Bxf4 {+/=/+/- After exchange of the queens,white should not think of a
position of the king!} a5 {[%cal Gb7a6]} 15. h4 $1 {It's a principal decision,
differently it is not possible to struglle for big advantage:} Ba6 $6 ({
Most probably,more stubborn resistance after:} 15... h5 $5 {[%cal Gb7a6]} 16.
Rh3 Ba6 17. Bxa6 Rxa6 18. Rd3 Nf5 19. g3 {+/=/+/-}) 16. Bxa6 Rxa6 17. h5 $1 {
[%cal Gh5h6] Now black lose all counterplay.} h6 18. Rh3 {[%csl Yh3][%cal
Yh3a3]} a4 19. Rc1 {[%csl Re8]} Kd8 20. Rc4 $16 Nb5 21. Bd2 {[%csl Gh3][%cal
Gh3f3,Gh3g3,Gg3g7,Gf3f7] The black pieces are pushed aside all is further and
further!} Be7 22. Rg3 {Sergei Movsesian begins to attack on black's weakness
in the king side.} f5 ({Also leads to hopeless position:} 22... Rh7 23. Rf3 Ke8
24. Rb4 Rh8 $140 25. b3 $1 a3 (25... axb3 26. a4 $18 {[%csl Gb4,Ge4,Re8,Gf3]})
26. Ra4 $1 Rxa4 27. bxa4 Nd4 (27... Nc7 28. Rb3 $18) 28. Rd3 Nf5 29. g4 Nh4 30.
a5 $18 {[%csl Ga5]}) 23. Nd6 $1 Bxd6 (23... Nxd6 $143 24. cxd6 Bg5 (24... Bf8
25. Ra3 $18 {[%csl Ra4]}) 25. f4 Bh4 26. Rxg7 Bf2 27. Ke2 Ba7 28. Be3 $18) 24.
exd6 {[%csl Yb2,Rb5,Yc5,Yd6] The knight black is completely switched off from
game.} Rh7 25. Bf4 $18 {[%csl Rg7][%cal Gf4e5] The rest is the matter of
technics.} Ke8 26. Be5 Kf7 27. Rg6 {Full domination.} a3 28. b3 Ra8 29. g4 $1
Rf8 30. gxf5 exf5 31. Rf4 Kg8 32. Kd2 {/\Ke3,Ra4,Kf4 or Rg3-f3(קf5) and so on.
} 1-0